000 00359nam a2200133Ia 4500
005 20260328104341.0
008 260328s9999||||xx |||||||||||||| ||und||
100 _aSamper Gnecco, Germán
245 0 _aCroquis de Viaje :
_b Germán Samper Gnecco| /
_cGermán Samper Gnecco
260 _bLa Imprenta S.A
300 _a343 p.
650 _aDIBUJO
942 _cREF
999 _c12133
_d12133